Raoul Dufy
Salvato in:
| Autore principale: | |
|---|---|
| Natura: | Libro |
| Lingua: | inglese |
| Pubblicazione: |
Nueva York
Harry N. Abrams
1965
|
| Edizione: | 1a. ed |
| Serie: | The Library of Great Painters
|
| Soggetti: | |
| Tags: |
Aggiungi Tag
Nessun Tag, puoi essere il primo ad aggiungerne!!
|
MARC
| LEADER | 00000cam a2200000 a 4500 | ||
|---|---|---|---|
| 001 | UCE2960 | ||
| 003 | CL-VaPUC | ||
| 008 | 140807e19650000us |||||||||||||||||eng|d | ||
| 082 | 0 | 4 | |a 759.06 |b HUN |2 21 |
| 100 | |a Hunter, Sam |e author |9 575495 | ||
| 245 | 1 | 0 | |a Raoul Dufy |
| 250 | |a 1a. ed | ||
| 300 | |a 24 p | ||
| 942 | |c BK | ||
| 945 | |d 20140807 14:45:00 |a dcastane | ||
| 260 | |a Nueva York |b Harry N. Abrams |c 1965 | ||
| 650 | 0 | |a Pintores franceses |9 340354 | |
| 650 | 0 | |a Pintura francesa |9 266122 | |
| 650 | 7 | |a FAUVISMO |2 CL-VaPUC |9 266165 | |
| 583 | |a last modification |c 20140807 14:45:00 |k Rodrigo Vera | ||
| 490 | 0 | |a The Library of Great Painters | |
| 999 | |c 356474 |d 356472 | ||
| 952 | |0 0 |1 0 |3 erb |4 0 |6 759_060000000000000_HUN_1965 |7 0 |8 A |9 463836 |a BIBART |b BIBART |i 5044324 |o 759.06 HUN 1965 |p 5044324 |r 2025-03-13 |w 2019-11-23 |y BK |z Catalogado en:20140807 |k ART | ||